| Tag |
First Indicator |
Second Indicator |
Subfields |
| LEADER |
00000cam a2200000 a 4500 |
| 001 |
in00001410131 |
| 005 |
20151020060902.0 |
| 008 |
960916s1997 waua 001 0 eng |
| 010 |
|
|
|a 96036630
|
| 020 |
|
|
|a 157231365X (pbk.)
|
| 035 |
|
|
|a (OCoLC)35657815
|
| 035 |
|
|
|9 AHN8093AM
|
| 040 |
|
|
|a DLC
|c DLC
|d TXA
|d UtOrBLW
|
| 049 |
|
|
|a TXAM
|
| 050 |
0 |
0 |
|a HF5548.4.M525
|b M52 1997
|
| 082 |
0 |
0 |
|a 650/.0285/5369
|2 20
|
| 245 |
0 |
0 |
|a Microsoft Office 97 at a glance /
|c [Perception, Inc.].
|
| 246 |
3 |
0 |
|a Office 97 at a glance
|
| 264 |
|
1 |
|a Redmond, Wash. :
|b Microsoft Press,
|c [1997]
|
| 264 |
|
4 |
|c ©1997
|
| 300 |
|
|
|a xii, 335 pages :
|b illustrations (some color) ;
|c 19 x 24 cm.
|
| 336 |
|
|
|a text
|b txt
|2 rdacontent
|
| 337 |
|
|
|a unmediated
|b n
|2 rdamedia
|
| 338 |
|
|
|a volume
|b nc
|2 rdacarrier
|
| 490 |
1 |
|
|a Visual reference
|
| 500 |
|
|
|a "Covers Microsoft Office 97 for Windows 95 and Windows NT 4.0"--Cover.
|
| 500 |
|
|
|a Includes index.
|
| 630 |
0 |
0 |
|a Microsoft Office.
|
| 650 |
|
0 |
|a Business
|x Computer programs.
|
| 710 |
2 |
|
|a Perspection, Inc.
|
| 830 |
|
0 |
|a Visual reference.
|
| 948 |
|
|
|a c:pk
|
| 999 |
|
|
|a MARS
|
| 999 |
f |
f |
|s 6c7ddbec-ca29-3d0e-aa96-9105f0ee01f4
|i 306b3c1c-5d11-370f-8a54-3e4d55de6dde
|t 0
|
| 952 |
f |
f |
|p ric
|a Texas A&M University
|b Rellis Campus
|c Joint Library Facility
|d Remote Storage
|t 0
|e HF5548.4.M525 M52 1997
|h Library of Congress classification
|i unmediated -- volume
|m A14822484900
|
| 998 |
f |
f |
|a HF5548.4.M525 M52 1997
|t 0
|l Remote Storage
|